MDQL
is popping MORE tags! Check the
thread
!
Quizzes
Events
Quiz Creation
Community
Videos
Private Events
Remove Ads
Sign In
Join for FREE
Feedback
Dark Mode
Quiz Categories
Sports
Geography
Music
Movies
Television
Just For Fun
Miscellaneous
History
Literature
Language
Science
Gaming
Entertainment
Religion
Holiday
For Kids
Quiz Lab
Recent
Popular Today
Quiz Kudos Today
Editor Picks
Curator Picks
Quizzes by...
Day
Popularity
Type
Ratings
Length
Year
Community
Subscriptions
Recent Discussions
Orange Saloon
Badges
Playlists
Quests
Create
Leaderboards
Showdown
Live 5
Trivia Bingo
Activity
Puzzle Library
Sporcle Events
Private Events
Virtual Trivia
Globe League
Become a Host
Pub Owners
SporcleCon
Opinionation
Our Games
Videos
Blog
Mobile Apps
Partnerships
Remove Ads and Go Orange
Feedback
Sports
Athletes
MLB
NBA
NHL
NFL
Soccer
Sports Teams
WWE
NCAA
Football
Premier League
Basketball
Baseball
Hockey
Golf
Tennis
Cricket
Rugby
Auto Racing
Olympics
World Cup
Sports
Athletes
MLB
NBA
NHL
NFL
Soccer
Sports Teams
WWE
NCAA
Football
Premier League
Basketball
Baseball
Hockey
Golf
Tennis
Cricket
Rugby
Auto Racing
Olympics
World Cup
Random Quiz
Search Sporcle
×
Quiz Lab
Quiz Lab
Sports
2011
Type in answers that appear in a list
Type in answers that appear in a list
Classic
Best Score? Go Orange.
NL Team Strikeout Leaders 1985-2018 Stats
Can you name the pitchers who led their respective NL team in strikeouts in a season between 1985 and 2018?
By
tk925
20m
249 Questions
378 Plays
378 Plays
378 Plays
Comments
Comments
Give Quiz Kudos
Give Quiz Kudos
-
- Ratings
hide this ad
More Info
Replay
Link that replays current quiz
Next Quiz
Link to next quiz in quiz playlist
You Got
0%
They Got
Avg Score
50%
Avg Friend Score
Upgrade to see
Score Distribution
Jump to the score distribution portion of the page
Score
0/249
Timer
20:00
0
Plays Today
Team and Years
Pitcher
% Correct
FLA 10, 12
Josh Johnson
96.8%
ARI 99-
02, 04
Randy Johnson
96.8%
CHC 90-
92; ATL 94, 98, 00
Greg Maddux
96.6%
ATL 89-
90, 92-
93, 95-
97, 05-
07
John Smoltz
96.6%
ATL 91
Tom Glavine
96.3%
STL 15-
17
Carlos Martinez
94.9%
MON 90-
91
Dennis Martinez
94.4%
MON 94-
95, 96*, 97; NYM 05-
06
Pedro Martinez
94.4%
LAD 90
Ramon Martinez
94.4%
FLA 97; SDP 98; LAD 99, 03
Kevin Brown
93.7%
STL 04-
06, 11
Chris Carpenter
93.7%
SFG 08-
11
Tim Lincecum
93.4%
PHI 11, 13
Cliff Lee
92.9%
PHI 92, 95-
99; ARI 03
Curt Schilling
92.9%
FLA 98; MON 04; WAS 10
Livan Hernandez
92.3%
SDP 03-
08
Jake Peavy
91.5%
CHC 98, 01-
03
Kerry Wood
91.5%
NYM 15, 17-
18
Jacob DeGrom
91.5%
MIA 13, 16
Jose Fernandez
91.4%
NYM 85, 86*, 93
Dwight Gooden
91.3%
CHC 05-
06
Carlos Zambrano
91.3%
NYM 16
Noah Syndergaard
90.7%
WAS 15-
18
Max Scherzer
90.7%
HOU 02, 08
Roy Oswalt
89.9%
CHC 16-
17
Jon Lester
89.7%
LAD 09-
15, 17-
18
Clayton Kershaw
89.7%
STL 07, 09-
10, 12-
13
Adam Wainwright
89.4%
WAS 14
Stephen Strasburg
89.1%
SF 13-
16
Madison Bumgarner
89%
NYM 13
Matt Harvey
89%
PHI 10
Roy Halladay
87.8%
SFG 07, 12
Matt Cain
87.3%
COL 08-
10
Ubaldo Jimenez
87%
WAS 12-
13
Gio Gonzalez
86.5%
NYM 95
Bobby Jones
86.2%
PHI 07-
09, 14
Cole Hamels
86%
CHC 03
Mark Prior
85.7%
FLA 07
Dontrelle Willis
85.7%
MIL 02-
04, 08
Ben Sheets
85.4%
PIT 87, 89*, 90-
92; HOU 94
Doug Drabek
85.2%
FLA 96; NYM 98-
00, 02-
03, 04*
Al Leiter
84.9%
SFG 95
Mark Leiter
84.9%
NYM 08-
09
Johan Santana
84.9%
PHI 17-
18
Aaron Nola
84.8%
CHC 14-
15
Jake Arrieta
84.8%
ATL 15*, 16-
17
Julio Teheran
84.7%
NYM 86*, 89
Sid Fernandez
84.7%
CIN 04-
07, 09; SDP 11
Aaron Harang
84.7%
FLA 03-
04
Josh Beckett
84.4%
CIN 88; PHI 94
Danny Jackson
83.6%
CIN 90-
94
Jose Rijo
83.6%
PIT 98-
99; SFG 02-
04, 06
Jason Schmidt
83.6%
LAD 85-
86
Fernando Valenzuela
83.6%
HOU 85, 87-
88
Nolan Ryan
82.3%
ARI 06-
07
Brandon Webb
82.3%
STL 03
Woody Williams
82%
ARI 15
Rubby de la Rosa
81.4%
COL 15
Jorge de la Rosa
81.4%
LAD 95-
97, 02; MIL 99
Hideo Nomo
81.2%
MON 00-
03; ARI 05; ATL 09
Javier Vazquez
81.2%
FLA 02, 05; PIT 12-
13
A.J. Burnett
81%
FLA 99-
01; CHC 08-
10
Ryan Dempster
81%
PIT 04
Oliver Perez
80.7%
MON 88
Pascual Perez
80.7%
HOU 86, 89
Mike Scott
80.7%
NYM 88, 90-
92
David Cone
80.4%
MON 85
Bryn Smith
80.4%
ATL 87
Zane Smith
80.4%
MIL 09-
13
Yovani Gallardo
80.2%
HOU 96-
97
Darryl Kile
80.2%
PIT 14-
15
Francisco Liriano
79.7%
HOU 04-
05
Roger Clemens
79.4%
HOU 07, 09
Wandy Rodriguez
79.1%
STL 01-
02
Matt Morris
78.8%
ATL 15*
Shelby Miller
78.8%
CIN 10, 14
Johnny Cueto
78.3%
MIL 05
Doug Davis
78.3%
ATL 99, 02
Kevin Millwood
78.3%
CHC 18
Kyle Hendricks
78%
CIN 13
Homer Bailey
77.3%
PIT 17
Gerrit Cole
77.3%
PHI 05-
06; HOU 10
Brett Myers
77.2%
CIN 03
Paul Wilson
77.2%
Team and Years
Pitcher
% Correct
SFG 91
Trevor Wilson
77.2%
NYM 12
R.A. Dickey
77%
SDP 91-
94; STL 97; ARI 98
Andy Benes
77%
FLA 11
Anibal Sanchez
75.4%
CIN 08; SDP 12
Edinson Volquez
75.1%
ARI 10-
12; SD 14
Ian Kennedy
74.1%
CIN 86
Tom Browning
72.2%
COL 16
Jon Gray
72.2%
SFG 90, 92; FLA 95; ATL 01
John Burkett
72%
ARI 08-
09
Dan Haren
72%
NYM 87
Ron Darling
71.7%
LAD 98, 00-
01
Chan Ho Park
71.2%
LAD 08
Chad Billingsley
70.9%
HOU 06
Andy Pettitte
68.5%
WAS 09, 11
Jordan Zimmermann
68.3%
CIN 18
Luis Castillo
68%
STL 91; MON 92
Ken Hill
68%
CHC 07
Rich Hill
68%
CHC 87-
89
Rick Sutcliffe
68%
WAS 06
Ramon Ortiz
67.7%
SFG 99-
01; ATL 03
Russ Ortiz
67.7%
ATL 08
Jair Jurrjens
67.5%
PIT 02-
03, 05
Kip Wells
66.9%
HOU 01, 03
Wade Miller
66.4%
STL 85
John Tudor
66.4%
PIT 97; CHC 99-
00
Jon Lieber
65.9%
LAD 06
Brad Penny
65.9%
PIT 94-
96; COL 01
Denny Neagle
65.3%
FLA 08-
09
Ricky Nolasco
64.3%
CHC 94, 97; NYM 04*
Steve Trachsel
64.3%
PHI 02-
03
Randy Wolf
63.8%
LAD 07
Derek Lowe
63.5%
COL 05, 07
Jeff Francis
63%
HOU 95, 98-
99
Shane Reynolds
62.7%
CHC 12-
13; SF 17
Jeff Samardzija
62.5%
COL 98-
00
Pedro Astacio
61.1%
ARI 16-
17
Robbie Ray
60.8%
COL 17-
18
German Marquez
60.6%
ATL 10, 12
Tommy Hanson
60.6%
PIT 88, 89*; CIN 96
John Smiley
60.3%
SDP 10-
11; CIN 12
Mat Latos
59.8%
MIL 06; NYM 11
Chris Capuano
59.3%
SDP 95, 97
Andy Ashby
59%
COL 02-
04, 06
Jason Jennings
58.7%
CIN 85
Mario Soto
58.5%
ARI 14
Wade Miley
58%
PIT 08-
10
Paul Maholm
57.9%
LAD 16
Kenta Maeda
57.7%
FLA 93
Charlie Hough
57.7%
PHI 91
Tommy Greene
56.9%
MIL 15-
17
Jimmy Nelson
56.8%
SDP 88
Eric Show
56.6%
ARI 13, 18
Patrick Corbin
56.4%
STL 18
Jack Flaherty
56%
HOU 91-
93
Pete Harnisch
55.3%
LAD 89, 91
Tim Belcher
54.5%
MIA 18*
Trevor Richards
54%
PIT 18
Jameson Taillon
54%
PIT 06, 07
Ian Snell
53.7%
SFG 93
Bill Swift
53.2%
NYM 94
Bret Saberhagen
52.9%
COL 11, 13; SD 17; MIL 18
Jhoulys Chacin
52.6%
NYM 01
Kevin Appier
51.3%
SFG 85-
86
Mike Krukow
50.8%
PIT 00
Kris Benson
50.5%
LAD 87
Bob Welch
49.7%
CIN 16; MIA 17
Dan Straily
49.5%
NYM 10
Jonathan Niese
49.5%
STL 93
Bob Tewksbury
49.5%
COL 94
Greg Harris
49.2%
HOU 11-
12
Bud Norris
48.4%
SFG 88
Don Robinson
48.4%
ATL 18
Mike Foltynewicz
48%
PIT 86
Rick Rhoden
47.6%
SDP 87
Ed Whitson
47.6%
SDP 00; CHC 04
Matt Clement
47.4%
NYM 07
John Maine
47.4%
MIL 01
Jamey Wright
47.4%
ATL 04
Jaret Wright
47.4%
MON 89
Mark Langston
46.6%
CIN 11
Mike Leake
46.6%
STL 00
Rick Ankiel
46%
MON 93, 96*
Jeff Fassero
45.8%
Team and Years
Pitcher
% Correct
SDP 99
Sterling Hitchcock
45.8%
ATL 88
Rick Mahler
45.8%
PIT 85; STL 88-
90
Jose DeLeon
45.2%
PHI 85-
86, 88; LAD 92, 94
Kevin Gross
45.2%
SDP 96
Joey Hamilton
44.7%
SDP 15
James Shields
44.1%
NYM 96
Mark Clark
43.9%
LAD 93
Tom Candiotti
43.7%
PHI 00-
01
Robert Person
43.1%
LAD 04-
05
Jeff Weaver
42.3%
ATL 13
Mike Minor
41.7%
STL 96, 98
Todd Stottlemyre
41.5%
NYM 14
Zack Wheeler
41.3%
MIL 14
Wily Peralta
40.6%
SFG 89
Scott Garrelts
40.5%
LAD 88
Tim Leary
39.4%
PIT 11
James McDonald
39.2%
WAS 05
John Patterson
39.2%
SFG 97
Shawn Estes
38.6%
CHC 11
Matt Garza
38.6%
SDP 89-
90
Bruce Hurst
38.6%
ATL 11
Brandon Beachy
38.1%
MIA 18*
Jose Urena
38%
SDP 85-
86
Andy Hawkins
37.8%
CIN 95
Pete Schourek
37.8%
MIL 07
David Bush
37.6%
HOU 90; SFG 94
Mark Portugal
36.5%
ATL 85
Steve Bedrosian
36.2%
MIA 14-
15
Tom Koehler
36.2%
MON 86
Floyd Youmans
36%
STL 95
Donovan Osborne
35.2%
CIN 00
Scott Williamson
35.2%
FLA 06
Scott Olsen
34.9%
STL 86
Danny Cox
34.4%
CHC 85-
86
Dennis Eckersley
34.4%
SDP 02
Brian Lawrence
34.4%
COL 95-
96
Kevin Ritz
34.1%
CIN 15
Anthony DeSclafani
33.9%
MIL 00
Jeff D'Amico
33.6%
STL 99
Kent Bottenfield
33.1%
SFG 96, 98
Mark Gardner
32.8%
CIN 89
Rob Dibble
32.5%
PHI 04
Eric Milton
32.5%
PHI 89
Ken Howell
32.3%
COL 97
John Thomson
32.3%
SDP 09
Kevin Correia
31.7%
SFG 05
Noah Lowry
30.4%
SF 18
Derek Holland
30%
MON 98-
99
Dustin Hermanson
29.9%
FLA 94
Pat Rapp
29.1%
CIN 98-
99
Brett Tomko
29.1%
CHC 96
Jaime Navarro
28.8%
ATL 86
David Palmer
28.3%
PHI 16
Jerad Eickhoff
27.8%
COL 12*
Rex Brothers
27.5%
STL 92
Omar Olivares
26.5%
PHI 87
Don Carman
25.4%
COL 93
Bruce Ruffin
25.4%
CHC 93
Jose Guzman
25.1%
STL 87
Greg Mathews
24.3%
MIL 98
Steve Woodard
24.1%
PIT 93
Steve Cooke
23.5%
CIN 01
Elmer Dessens
22%
CIN 87
Ted Power
22%
CIN 02
Jimmy Haynes
21.4%
PIT 01
Todd Ritchie
20.9%
STL 08
Todd Wellemeyer
20.1%
SD 13
Eric Stults
19.6%
HOU 00
Octavio Dotel
19.3%
NYM 97
Dave Mlicki
19%
COL 12*; SDP 16
Drew Pomeranz
18%
SFG 87
Kelly Downs
18%
PHI 90
Pat Combs
17.7%
WAS 08
Tim Redding
17.5%
CHC 95
Kevin Foster
16.7%
SDP 01
Kevin Jarvis
16.7%
CIN 97
Mike Remlinger
16.7%
SD 18
Joey Lucchesi
16%
PIT 16
Juan Nicasio
15.5%
CIN 17
Tim Adleman
15.2%
WAS 07
Matt Chico
15.1%
MON 87
Bob Sebra
13.5%
STL 94
Vicente Palacios
11.1%
Quiz Playlist
Details
Report
Send in Message
Add To Playlist
More Info:
* indicates a tie for the team lead.
Classic:
Type in answers that appear in a list
Last Updated: Oct 1, 2018
Quiz Scoreboard
CHALLENGE
Sign Up to Join the Scoreboard
Show All
Scores
Hide
Comments
May contain spoilers
Recently Published
Find the 'City' Movie
by crazypaving
Movies
60s
5x2 Blitz: Bands
by SL_Kpop136
Music
30s
Colored Red Africa Blitz
by spor1
Geography
30s
More to Explore
Quiz From the Vault
Featured Blog Post
14 Easter Pick-up Lines to Find Eggs With
hide this ad
You Might Also Like...
Tags
1985
2011
Between
Pitchers
Respective
season
strikeouts
team
Today's Top Quizzes in Sports
Browse Sports
hide this ad
Today's Top Quizzes in 2011
Browse 2011
Top Contributed Quizzes in Sports
1
Players with Multiple 50 Home Run Seasons
2
Who Needs Fielders?
3
Criteria MLB: Left Handed Sluggers
4
MLB Players with Two .350 Batting Average Seasons
5
Who Hit More Homers?
6
2020 F1 Drivers Logic Puzzle
7
NBA Teammate Connections
8
Premier League Clubs since 2000 (minefield)
9
MLB Teams by First Game
10
Top 10 NHL Goal Scorers of All Time
Explore More
Trending Topics
NBA
Crossword
Harry Potter
Anime
Kpop
Disney
Marvel
Pokémon
The Office
Country
Song
Puzzle
Soccer
WWE
NFL
hide this ad
More By:
tk925
Quiz
Plays
Rating
Category
Featured
Created
Opening Day Lineups: Phillies
130,577
4.45
Sports
Sep 28, 2009
Opening Day Lineups: Blue Jays
94,411
4.47
Sports
Mar 25, 2010
Opening Day Lineups: Reds
87,163
4.35
Sports
Sep 28, 2009
'This' and 'That'
82,943
4.05
Entertainment
Jan 30, 2010
MLB Most HR by Position '90s-'10s
72,021
4.68
Sports
Sep 15, 2011
Go to Creator's Profile
Score Distribution
Quiz Creator Spotlight
tk925
Follow
Send a Message
Quizzes Created
-
Created Quiz Play Count
-
More By This Creator
Popular Quizzes Today
1
5x2 Blitz: Bands
2
Find the 'City' Movie
3
Colored Red Africa Blitz
4
Find the US States - No Outlines Minefield
5
The Countries of the World
6
Find the US States
7
9x9 Crossword: Cartoon Network
8
US States
More Sports Quizzes
London 2012 Paralympic Sports
Published
Trending Quizzes
Colored Red Africa Blitz II
Colored Red Europe Blitz I
Christmas Pick: Judaism
Colored Red Africa Blitz III
Colored Red Europe Blitz II
Recently Updated
Champions League XIs: Real Madrid
pecheneg
Largest US Cities 1790-2010
pecheneg
Rides in Walt Disney World
pecheneg
Most Oscar Losses (Acting)
pecheneg
Beyoncé Albums
pecheneg
Leaping Animals
pecheneg
Reality TV Shows (A-Z)
bhenderson79
Rickey Henderson's Hall of Fame Teammates
pecheneg
Champions League XIs: Arsenal
pecheneg
Quick Pick: Celebrities in WWE's Hall of Fame
aduchscher
Trending Topics
Crossword
Marvel
Disney
Kpop
Harry Potter
NBA
Anime
Country
Soccer
NFL
The Office
Pokémon
WWE
Song
Puzzle
Your Account Isn't Verified!
In order to create a playlist on Sporcle, you need to verify the email address you used during registration. Go to your
Sporcle Settings
to finish the process.
Report this User
Report this user for behavior that violates our
Community Guidelines
.
Details:
Send Report
Go to the Sporcle.com Mobile Site →
Comments